Dominion Corporate Trustees Ltd; Dominion Trust Ltd; Fareham Trustees No. 1 Ltd and Fareham Trustees v Debenhams Properties Ltd (Record no. 113070)
[ view plain ]
| 000 -LEADER | |
|---|---|
| fixed length control field | 01519cad a22001935a 4500 |
| 001 - CONTROL NUMBER | |
| control field | L154619 |
| 008 - FIXED-LENGTH DATA ELEMENTS--GENERAL INFORMATION | |
| fixed length control field | 120105e2010 xxk f 000 0 eng d |
| 035 ## - SYSTEM CONTROL NUMBER | |
| System control number | (Sirsi) u154619 |
| 041 0# - LANGUAGE CODE | |
| Language code of text/sound track or separate title | eng |
| 245 00 - TITLE STATEMENT | |
| Title | Dominion Corporate Trustees Ltd; Dominion Trust Ltd; Fareham Trustees No. 1 Ltd and Fareham Trustees v Debenhams Properties Ltd |
| Medium | [electronic resource] |
| 260 ## - PUBLICATION, DISTRIBUTION, ETC. | |
| Date of publication, distribution, etc. | 2010 |
| 520 ## - SUMMARY, ETC. | |
| Summary, etc. | [2010] EWHC 1193 (Ch), 27 May 2010. Courts will take a commonsense approach to interpreting contracts so that words are given a meaning that makes good commercial sense. Claimants DF agreed to lease units to Defendant DP in 2007. DF was two days late in paying DP its second premium tranche. DP contended that it was entitled to terminate its agreement with DF for any breach minor or major citing clause 19 as grounds for cancelling the entire agreement. DF sought to terminate the agreement following DP's contention and its refusal to proceed with the agreement. "Held": court found against DP. DP was in fundamental breach and was liable for damages based on the losses suffered by DF. |
| 590 ## - LOCAL NOTE (RLIN) | |
| Local note | KA |
| 650 24 - SUBJECT ADDED ENTRY--TOPICAL TERM | |
| Topical term or geographic name entry element | DOMINION CORPORATE TRUSTEES LTD AND ORS V DEBENHAMS PROPERTIES LIMITED |
| 651 #4 - SUBJECT ADDED ENTRY--GEOGRAPHIC NAME | |
| Geographic name | England and Wales |
| Chronological subdivision | 1543- |
| 690 ## - LOCAL SUBJECT ADDED ENTRY--TOPICAL TERM (OCLC, RLIN) | |
| Topical term or geographic name as entry element | PROPERTY-COMMERCIAL PROPERTY-LEASEHOLD COMMERCIAL PROPERTY-COMMERCIAL LANDLORD AND TENANT-COMMERCIAL LEASES-BREACHING COMMERCIAL LEASES |
| 856 40 - ELECTRONIC LOCATION AND ACCESS | |
| Uniform Resource Identifier | <a href="https://www.bailii.org/ew/cases/EWHC/Ch/2010/1193.html">https://www.bailii.org/ew/cases/EWHC/Ch/2010/1193.html</a> |
| Public note | View the law report free of charge at www.bailii.org |
| 942 ## - ADDED ENTRY ELEMENTS (KOHA) | |
| Suppress in OPAC | 0 |
| Withdrawn status | Lost status | Source of classification or shelving scheme | Damaged status | Not for loan | Home library | Current library | Shelving location | Date acquired | Total Checkouts | Full call number | Barcode | Date last seen | Copy number | Price effective from | Koha item type |
|---|---|---|---|---|---|---|---|---|---|---|---|---|---|---|---|
| Dewey Decimal Classification | Virtual | Virtual | Online | 05/01/2012 | ONLINE PUBLICATION | 154619-2001 | 06/08/2019 | 1 | 06/08/2019 | Law report |